| Поле | Инд. | ПП | Название | Значение |
|---|---|---|---|---|
| Тип записи | a | |||
| Библиографический уровень | b | |||
| 001 | Контрольный номер | RU/IS/BASE/264553004 | ||
| 005 | Дата корректировки | 20200526074508.2 | ||
| 008 | Кодируемые данные | 19951214 | ||
| 084 | a | Индекс другой классификации/Индекс ББК | 24.562-1; 24.562.18 | |
| 097 | 00 | a | 750 | |
| 100 | 10 | a | Автор | Пендин А. А. |
| 100 | 1_ | a | Автор | Львова Т. И. |
| 245 | 00 | a | Заглавие | Структурные характеристики растворов электролитов с общим ионом и их рациональные коэффициенты активности |
| 650 | a | Основная рубрика | растворы | |
| a | Основная рубрика | физическая химия | ||
| a | Основная рубрика | химия | ||
| 653 | 00 | a | Ключевые слова | активности коэффициент |
| a | Ключевые слова | ионы | ||
| a | Ключевые слова | коэффициент активности | ||
| a | Ключевые слова | растворы с общим ионом | ||
| a | Ключевые слова | растворы электролитов | ||
| a | Ключевые слова | сольватационные избытки | ||
| a | Ключевые слова | сольватация | ||
| a | Ключевые слова | структурные неоднородности раствора | ||
| a | Ключевые слова | химический потенциал | ||
| a | Ключевые слова | электролиты | ||
| 773 | 00 | t | Заглавие источника | Журнал физической химии |
| d | Дата издания источника | 1995 | ||
| g | Прочая информация | Т. 69, № 7. - С. 1205 - 1209 | ||
| w | Контрольный № источника | RU/IS/BASE/162577660 | ||
| 901 | t | Тип документа | b |